[Event "1A liga SSFBiH"]
[Site "Bosanska Krupa, hotel "]
[Date "2018.08.30"]
[Round "9.4"]
[White "Stavnjak, Lazar"]
[Black "Abdic, Adnan"]
[Result "1/2-1/2"]
[WhiteElo "2221"]
[BlackElo "2123"]
[PlyCount "44"]
[EventDate "2018.08.25"]
[EventRounds "9"]
[EventCountry "BIH"]
[WhiteTeam "ŠK Goražde"]
[BlackTeam "ŠK Cazin"]

1. e4 e5 2. Nf3 Nc6 3. Bb5 a6 4. Bxc6 dxc6 5. O-O f6 6. d4 Bg4 7. dxe5 Qxd1 8.
Rxd1 fxe5 9. h3 Bxf3 10. gxf3 Bd6 11. Nc3 Ne7 12. Ne2 Ng6 13. Kg2 O-O 14. Kg3
Rf7 15. Rd3 Raf8 16. Bd2 Be7 17. Ng1 h6 18. Rd1 Nh4 19. Bc3 Ng6 20. Bd2 Nh4 21.
Bc3 Ng6 22. Bd2 Nh4 1/2-1/2

[Event "1A liga SSFBiH"]
[Site "Bosanska Krupa, hotel "]
[Date "2018.08.30"]
[Round "9.5"]
[White "Causevic, Sead"]
[Black "Sadikovic, Jasmin"]
[Result "1-0"]
[WhiteElo "2140"]
[BlackElo "2078"]
[PlyCount "143"]
[EventDate "2018.08.25"]
[EventRounds "9"]
[EventCountry "BIH"]
[WhiteTeam "ŠK Cazin"]
[BlackTeam "ŠK Goražde"]

1. e4 d6 2. Nc3 Nf6 3. d4 g6 4. f4 Bg7 5. Nf3 O-O 6. Be2 Nbd7 7. e5 Ne8 8. Ne4
e6 9. Be3 Qe7 10. Qd2 f6 11. O-O-O d5 12. Nf2 c5 13. c3 cxd4 14. cxd4 Nb6 15.
h4 Bd7 16. Kb1 Rc8 17. Qa5 Nc4 18. Bxc4 dxc4 19. Bd2 Qd8 20. Qxa7 Bc6 21. Qa3
Nc7 22. Ba5 Nb5 23. Bxd8 Nxa3+ 24. bxa3 Rfxd8 25. Ng4 Be4+ 26. Ka1 fxe5 27.
fxe5 Rf8 28. Rhe1 Bxf3 29. gxf3 Rxf3 30. Rf1 Rxa3 31. Nf6+ Kh8 32. h5 gxh5 33.
Nxh5 Rca8 34. Rd2 c3 35. Rh2 b5 36. Rg1 R3a7 37. Rhg2 Bh6 38. Nf6 Bg5 39. Kb1
h6 40. Ne4 Be3 41. Rh1 b4 42. Nc5 Rg8 43. Rxg8+ Kxg8 44. Nxe6 Re7 45. d5 Kh7
46. Rh3 Ba7 47. Rg3 Kh8 48. Rg6 Be3 49. d6 Rf7 50. Rf6 Kg8 51. Rxf7 Kxf7 52. d7
Bb6 53. d8=Q Bxd8 54. Nxd8+ Ke7 55. Nc6+ Ke6 56. Kc2 h5 57. Nxb4 Kxe5 58. Kxc3
h4 59. Nd3+ Kd5 60. a4 Kc6 61. Kb4 h3 62. Ne5+ Kb7 63. Nf3 Kb6 64. a5+ Kc6 65.
Nh2 Kb7 66. Kb5 Ka7 67. a6 Kb8 68. Kb6 Ka8 69. Nf3 Kb8 70. Ng5 Ka8 71. a7 h2
72. Ne6 1-0

[Event "1A liga SSFBiH"]
[Site "Bosanska Krupa, hotel "]
[Date "2018.08.30"]
[Round "9.6"]
[White "Hajvaz, Dzemal"]
[Black "Nuhic, Amir"]
[Result "1/2-1/2"]
[WhiteElo "2053"]
[BlackElo "2155"]
[PlyCount "139"]
[EventDate "2018.08.25"]
[EventRounds "9"]
[EventCountry "BIH"]
[WhiteTeam "ŠK Goražde"]
[BlackTeam "ŠK Cazin"]

1. e4 e5 2. Nf3 Nc6 3. d4 exd4 4. Nxd4 Nf6 5. Nxc6 bxc6 6. Bd3 Bc5 7. O-O d6 8.
h3 Be6 9. Nd2 h6 10. Nf3 Nd7 11. Re1 Qf6 12. Qe2 O-O 13. c3 Rfe8 14. Be3 Bxe3
15. Qxe3 Rab8 16. Re2 Rb6 17. e5 Nxe5 18. Nxe5 Qxe5 19. Qxe5 dxe5 20. Rxe5 Rxb2
21. Rae1 Rd8 22. Bf5 Rdd2 23. Rf1 Bxf5 24. Rxf5 Rxa2 25. Re1 g6 26. Rf3 Rd7 27.
Re8+ Kg7 28. g3 a5 29. c4 a4 30. Ra8 f5 31. Ra6 Rd6 32. Ra7 Kf6 33. g4 Rd4 34.
gxf5 gxf5 35. Rxc7 Rxc4 36. Rh7 a3 37. Ra7 Ra1+ 38. Kg2 a2 39. Rfa3 Rc2 40.
R7a6 Ke5 41. h4 f4 42. h5 Kf5 43. Ra8 c5 44. Kf3 Rf1 45. Rf8+ Ke5 46. Re8+ Kd5
47. Rd8+ Kc4 48. Rda8 Rcxf2+ 49. Ke4 Re1+ 50. Kf5 a1=Q 51. Rxa1 Rxa1 52. Rxa1
Kd3 53. Ra6 c4 54. Rxh6 c3 55. Rd6+ Ke3 56. Re6+ Kd2 57. Rd6+ Ke3 58. Re6+ Kd2
59. Rd6+ Kc1 60. h6 c2 61. Kg4 Kb2 62. Rb6+ Kc3 63. Rc6+ Kd2 64. Rd6+ Ke1 65.
Rc6 Kd1 66. Rd6+ Rd2 67. Rxd2+ Kxd2 68. h7 c1=Q 69. h8=Q Qc4 70. Qe5 1/2-1/2

[Event "1A liga SSFBiH"]
[Site "Bosanska Krupa, hotel "]
[Date "2018.08.30"]
[Round "9.1"]
[White "Pastar, Slaven"]
[Black "Vajic, Goran"]
[Result "1/2-1/2"]
[WhiteElo "2307"]
[BlackElo "2280"]
[PlyCount "24"]
[EventDate "2018.08.25"]
[EventRounds "9"]
[EventCountry "BIH"]
[WhiteTeam "ŠK Igman, Konjic"]
[BlackTeam "ŠK Bihac"]

1. c4 Nf6 2. Nc3 g6 3. g3 Bg7 4. Bg2 d6 5. d3 O-O 6. Nf3 e5 7. O-O Nc6 8. Rb1
a6 9. b4 Bd7 10. a4 Ne7 11. b5 axb5 12. axb5 c6 1/2-1/2

[Event "1A liga SSFBiH"]
[Site "Bosanska Krupa, hotel "]
[Date "2018.08.30"]
[Round "9.2"]
[White "Trkulja, Goran"]
[Black "Mrndjic, Muamer"]
[Result "1/2-1/2"]
[WhiteElo "2295"]
[BlackElo "2249"]
[PlyCount "22"]
[EventDate "2018.08.25"]
[EventRounds "9"]
[EventCountry "BIH"]
[WhiteTeam "ŠK Bihac"]
[BlackTeam "ŠK Igman, Konjic"]

1. e4 e5 2. Nf3 Nc6 3. Bc4 Bc5 4. O-O Nf6 5. d3 O-O 6. c3 Be7 7. Nbd2 d6 8. h3
Na5 9. Bb5 a6 10. Ba4 b5 11. Bc2 c5 1/2-1/2

[Event "1A liga SSFBiH"]
[Site "Bosanska Krupa, hotel "]
[Date "2018.08.30"]
[Round "9.1"]
[White "Avdic, Mirza"]
[Black "Markovic, Dino"]
[Result "0-1"]
[WhiteElo "2205"]
[BlackElo "2010"]
[PlyCount "118"]
[EventDate "2018.08.25"]
[EventRounds "9"]
[EventCountry "BIH"]
[WhiteTeam "ŠK Gracanica"]
[BlackTeam "ŠK Preporod, Zenica"]

1. g3 c5 2. Bg2 Nc6 3. c4 b6 4. Nf3 Bb7 5. O-O Nf6 6. d4 Nxd4 7. Nxd4 Bxg2 8.
Kxg2 cxd4 9. Qxd4 Qc7 10. Nc3 e6 11. Rd1 Bc5 12. Qd3 Qc6+ 13. f3 O-O 14. Bg5
Be7 15. Rac1 Rfd8 16. e4 d6 17. b3 a6 18. Be3 Nd7 19. Qd2 Rac8 20. Bg5 Nf6 21.
Qe2 h6 22. Be3 Nd7 23. Bd4 Bf6 24. Bxf6 Nxf6 25. e5 dxe5 26. Qxe5 b5 27. Rxd8+
Rxd8 28. Nb1 Nd5 29. Qe1 bxc4 30. Rxc4 Qb6 31. Re4 Rc8 32. Na3 Rc3 33. Nc4 Qb4
34. Qf2 Rc1 35. Re2 Qc3 36. Ne3 Nb4 37. Nf1 Ra1 38. h4 Qc1 39. Nh2 Qh1+ 40. Kh3
Nd5 41. Rc2 Nb4 42. Rd2 Qb1 43. Rd8+ Kh7 44. Qd2 Nd5 45. Rxd5 exd5 46. Qxd5
Rxa2 47. Qxf7 Qc2 48. Nf1 Ra1 49. Ne3 Rh1+ 50. Kg4 Qg6+ 51. Qxg6+ Kxg6 52. Nd5
Rd1 53. Nc7 a5 54. Ne6 Kf6 55. Nc5 Rd5 56. Ne4+ Ke5 57. Kh5 Rb5 58. Kg6 Rxb3
59. Kxg7 Rxf3 0-1

[Event "1A liga SSFBiH"]
[Site "Bosanska Krupa, hotel "]
[Date "2018.08.30"]
[Round "9.2"]
[White "Bajramovic, Halid"]
[Black "Coric, Ahmed"]
[Result "1-0"]
[WhiteElo "2107"]
[BlackElo "2131"]
[PlyCount "67"]
[EventDate "2018.08.25"]
[EventRounds "9"]
[EventCountry "BIH"]
[WhiteTeam "ŠK Preporod, Zenica"]
[BlackTeam "ŠK Gracanica"]

1. d4 Nf6 2. g3 d5 3. Bg2 e6 4. Nf3 c5 5. c3 Nc6 6. O-O Be7 7. b3 Ne4 8. Bb2
cxd4 9. cxd4 O-O 10. Nbd2 Nxd2 11. Qxd2 Qb6 12. Rfc1 Bd7 13. Ne1 Rfc8 14. Nd3
Nb4 15. Nc5 Bc6 16. Bc3 Na6 17. Ba5 Bxc5 18. Bxb6 Bxb6 19. a4 Bd8 20. b4 Bd7
21. b5 Nc7 22. Qb4 Ne8 23. e4 Nf6 24. Qd6 dxe4 25. Bxe4 Nxe4 26. Rxc8 Nxd6 27.
Rxa8 Kf8 28. Rxd8+ Ke7 29. Ra8 Bc8 30. Rc1 Kd7 31. Rxa7 Ne8 32. b6 Nd6 33. Rc7+
Kd8 34. Ra8 1-0

[Event "1A liga SSFBiH"]
[Site "Bosanska Krupa, hotel "]
[Date "2018.08.30"]
[Round "9.3"]
[White "Avdic, Adnan A"]
[Black "Hadzic, Latif"]
[Result "0-1"]
[WhiteElo "2046"]
[BlackElo "2053"]
[PlyCount "116"]
[EventDate "2018.08.25"]
[EventRounds "9"]
[EventCountry "BIH"]
[WhiteTeam "ŠK Gracanica"]
[BlackTeam "ŠK Preporod, Zenica"]

1. d4 c5 2. d5 e5 3. e4 d6 4. Bb5+ Bd7 5. Bxd7+ Qxd7 6. Ne2 g6 7. O-O Bg7 8.
Nbc3 Ne7 9. Be3 b5 10. a3 Na6 11. a4 b4 12. Nb5 Nb8 13. Bxc5 dxc5 14. d6 Nc8
15. Nc7+ Kd8 16. Nxa8 Qxd6 17. Qxd6+ Nxd6 18. Rad1 Kd7 19. Rd5 Nc6 20. Rfd1 Bf8
21. Rxc5 Be7 22. Nc1 Rxa8 23. Nd3 f6 24. Rd5 Rc8 25. g3 Nd4 26. Nxb4 Nxc2 27.
Nd3 Rc6 28. b4 Kc7 29. b5 Rc4 30. Nc5 Nd4 31. f4 Ne2+ 32. Kf1 Nc3 33. Na6+ Kd7
34. Nc5+ Rxc5 35. Rxc5 Nxd1 36. fxe5 fxe5 37. a5 Ne3+ 38. Ke2 Nec4 39. b6 axb6
40. axb6 Nxb6 41. Rxe5 Bf6 42. Ra5 Ke6 43. Kd3 Nd7 44. Ra7 h6 45. Rc7 Ne5+ 46.
Ke2 Nxe4 47. Ke3 Nd6 48. h3 Bd8 49. Rh7 Bb6+ 50. Ke2 Ndf7 51. Rg7 Ke7 52. Rg8
Bd8 53. h4 h5 54. Ke3 Ng4+ 55. Kd4 Kf6 56. Ke4 Ngh6 57. Rf8 Ke7 58. Rxd8 Nxd8
0-1

[Event "1A liga SSFBiH"]
[Site "Bosanska Krupa, hotel "]
[Date "2018.08.30"]
[Round "9.4"]
[White "Redzepi, Mehmedalija"]
[Black "Mujacic, Haris"]
[Result "0-1"]
[WhiteElo "1883"]
[BlackElo "1972"]
[PlyCount "156"]
[EventDate "2018.08.25"]
[EventRounds "9"]
[EventCountry "BIH"]
[WhiteTeam "ŠK Preporod, Zenica"]
[BlackTeam "ŠK Gracanica"]

1. d4 Nf6 2. c4 e6 3. a3 c5 4. d5 exd5 5. cxd5 d6 6. Nc3 a6 7. a4 g6 8. Bg5 Bg7
9. e4 O-O 10. Bd3 Re8 11. Nge2 Nbd7 12. f4 Qc7 13. O-O c4 14. Bc2 Qc5+ 15. Kh1
Ng4 16. Qe1 Ne3 17. Qd2 Nxf1 18. Rxf1 b5 19. h3 b4 20. Nd1 a5 21. Bh4 Ba6 22.
Bf2 Qc7 23. Re1 Nc5 24. Nd4 b3 25. Bb1 Nxa4 26. g4 Nc5 27. f5 Nd7 28. Nc3 Ne5
29. g5 Qd7 30. Kg2 a4 31. Rh1 h5 32. gxh6 Bf6 33. Be3 Kh7 34. Rf1 Rg8 35. Kh2
Bc8 36. Qf2 Qe7 37. Ndb5 Bd7 38. Na3 g5 39. Ne2 g4 40. Bf4 Rac8 41. Bc1 gxh3
42. Kxh3 Rg4 43. Rg1 Rh4+ 44. Kg2 Ng4 45. Qa7 Rg8 46. Kf1 Nh2+ 47. Kf2 Rxg1 48.
Nxg1 Ng4+ 49. Ke1 Qe5 50. Nxc4 Qg3+ 51. Kd1 Nf2+ 52. Ke2 Qd3+ 53. Kxf2 Bd4+ 54.
Be3 Bxa7 55. Bxd3 Bxe3+ 56. Nxe3 Rh2+ 57. Ng2 Kxh6 58. Nf3 Rh1 59. Nfe1 Kg5 60.
Kg3 Rh8 61. Ne3 Rh1 62. Nf3+ Kf6 63. Nf1 Ke7 64. N3h2 Rg1+ 65. Kf2 Rg8 66. Ke2
Rg2+ 67. Kd1 Rxb2 68. Nd2 a3 69. Nxb3 Ba4 70. Kc1 Rxb3 71. Bb1 Rh3 72. Nf1 Rc3+
73. Kd2 a2 74. Bxa2 Rc2+ 75. Ke3 Rxa2 76. Nd2 Rxd2 77. Kxd2 Kf6 78. Ke3 Ke5 0-1

[Event "1A liga SSFBiH"]
[Site "Bosanska Krupa, hotel "]
[Date "2018.08.30"]
[Round "9.5"]
[White "Nezirovic, Ozren"]
[Black "Besirevic, Jasmin"]
[Result "1/2-1/2"]
[WhiteElo "2013"]
[BlackElo "1863"]
[PlyCount "73"]
[EventDate "2018.08.25"]
[EventRounds "9"]
[EventCountry "BIH"]
[WhiteTeam "ŠK Gracanica"]
[BlackTeam "ŠK Preporod, Zenica"]

1. e4 c5 2. Nf3 d6 3. Bb5+ Nc6 4. O-O Bd7 5. c3 e6 6. d4 cxd4 7. cxd4 a6 8.
Bxc6 bxc6 9. d5 Nf6 10. dxe6 Bxe6 11. Nc3 Be7 12. Qa4 Qc7 13. e5 Nd5 14. Nxd5
Bxd5 15. exd6 Qxd6 16. Rd1 O-O 17. Qg4 Bf6 18. Bf4 Qe6 19. Qxe6 fxe6 20. Ne5
Rfb8 21. Nd3 Rb7 22. Rac1 a5 23. b3 a4 24. bxa4 Rba7 25. Nc5 Be7 26. Be3 Bxa2
27. Nd3 Rxa4 28. Rxc6 Bd5 29. Rc7 Bf6 30. Nf4 Ra1 31. Rxa1 Rxa1+ 32. Rc1 Kf7
33. Rxa1 Bxa1 34. Nxd5 exd5 35. Kf1 Ke6 36. Ke2 Be5 37. h3 1/2-1/2

[Event "1A liga SSFBiH"]
[Site "Bosanska Krupa, hotel "]
[Date "2018.08.30"]
[Round "9.6"]
[White "Kustura, Hajrudin"]
[Black "Alic, Selmir"]
[Result "0-1"]
[WhiteElo "1698"]
[BlackElo "2051"]
[PlyCount "38"]
[EventDate "2018.08.25"]
[EventRounds "9"]
[EventCountry "BIH"]
[WhiteTeam "ŠK Preporod, Zenica"]
[BlackTeam "ŠK Gracanica"]

1. e4 c5 2. f4 Nc6 3. Nf3 g6 4. Bc4 Bg7 5. Ng5 e6 6. d3 d5 7. Bb3 Nge7 8. c3
O-O 9. O-O b5 10. a4 b4 11. Be3 bxc3 12. bxc3 d4 13. Bd2 Ba6 14. Bc2 dxc3 15.
Bxc3 Bxc3 16. Ra3 Bg7 17. e5 Nf5 18. Nc3 Ne3 19. Qd2 Nxc2 0-1